| 000 | 00868cam a22002773a 4500 | ||
|---|---|---|---|
| 001 | 25788 | ||
| 003 | PGUSA | ||
| 005 | 20140828083544.0 | ||
| 008 | 080614s2008||||xxu|||||s|||||000 | eng d | ||
| 040 |
_aPGUSA _beng |
||
| 042 | _adc | ||
| 050 | 4 | _aB | |
| 100 | 1 |
_aStephen, Leslie, _d1832-1904 |
|
| 245 | 1 | 4 |
_aThe English Utilitarians, Volume II (of 3) : _bJames Mill _h[electronic resource] / _cLeslie Stephen |
| 260 |
_bProject Gutenberg, _c2008 |
||
| 506 | _aPublic domain in the USA. | ||
| 516 | _aElectronic text | ||
| 653 | _aPhilosophers -- England | ||
| 653 | _aMill, James, 1773-1836 | ||
| 653 | _aUtilitarianism -- Great Britain -- History | ||
| 653 | _aPhilosophy, English -- 18th century | ||
| 653 | _aPhilosophy, English -- 19th century | ||
| 830 | 0 |
_aProject Gutenberg _v25788 |
|
| 856 | 4 | 0 | _uhttp://www.gutenberg.org/ebooks/25788 |
| 942 | _cEB | ||
| 999 |
_c255043 _d255043 |
||